Paris en 50 images - Statistiques

Statistiques générales
  • Ce quiz a été pris 458 fois
  • Le résultat moyen est 44 sur 50
Statistiques - réponses
Par images Hint Réponse % Correct
Viennoiserie Croissant
100%
Monument Tour Eiffel
100%
Musée Musée du Louvre
99%
Cathédrale Notre-Dame de Paris
99%
Club de football Paris Saint-Germain
99%
Film Ratatouille
99%
Fleuve Seine
99%
Parc à thèmes Disneyland Paris
98%
Mode de transport Métro
98%
Oiseau Pigeon
98%
Année 2024
97%
Monument Arc de Triomphe
97%
Aliment Baguette
97%
Plat Croque-monsieur
97%
Marque de luxe Louis Vuitton
97%
Friandise Macaron
97%
Palais Palais de L'Élysée
97%
Aéroport Aéroport de Roissy-Charles-de-Gaulle
96%
Cabaret Moulin-Rouge
96%
Invention parisienne Poubelle
96%
Maire Anne Hidalgo
95%
Ex-maire et ex-président Jacques Chirac
95%
Ex-président Nicolas Sarkozy
95%
Écrivain Victor Hugo
95%
Chanteuse Édith Piaf
94%
Tournoi de tennis Roland-Garros
94%
Marque de luxe Chanel
93%
Quartier d’affaires La Défense
92%
Région Île-de-France
91%
Musée Musée Grévin
90%
Centre culturel Centre Pompidou
89%
Chanteur Charles Aznavour
89%
Humoriste Jamel Debbouze
89%
Lieu historique Catacombes de Paris
88%
Gratte-ciel Tour Montparnasse
88%
Compagnie RATP
86%
Avenue Champs-Élysées
84%
Quartier (butte) Montmartre
84%
Basilique Sacré-Cœur
83%
Stade Parc des Princes
82%
Film Le Fabuleux Destin d'Amélie Poulain
79%
Monument Panthéon
76%
Jardin Jardin des Tuileries
73%
Pont Pont Neuf
73%
Film La Grande Vadrouille
68%
Musée Musée d'Orsay
66%
Événement Révolution française
66%
Place Place Vendôme
64%
Type de libraires Bouquinistes de Paris
28%
Œuvre d’art Colonnes de Buren
27%
Aucun quiz correspondant
Distribution des résultats
% des personnes avec chaque résultat
Percentile par nombre de réponses
Votre historique - résultats
Vous n’avez pas pris ce quiz